000 00418nam a2200145Ia 4500
008 211109s9999||||xx |||||||||||||| ||und||
082 _a894.8123
_bPUT-P
100 _aUnnikrishnan Puthoor,
245 0 _aPallakkinte Sapam
260 _bSAHITHYA PRVARTHAKA SANGHAM
_aKottayam
_c1978
300 _a179p.
630 _xGENERAL STACK
650 _aMALAYALAM
_vMALAYALM LITERAURE
_xMALAYALAM NOVALGeneralia
942 _cBOOK
999 _c71155
_d71155